000 01404cam a22003617a 4500
003 CHAP
005 20220329142837.0
008 040805d2003 mx r 00110 spa d
010 _a88607
011 _a89579
035 _a100130
040 _cCHAP
090 _aTesis
100 0 0 _aCamacho Escobar, Marco Antonio
_917671
245 1 0 _aEfecto de restricción alimenticia y suplemento de microelementos en las características productivas, mortalidad por ascítis y propiedades físicas y químicas de la tibia de pollos de engorda
_c/por Marco Antonio Camacho Escobar
260 _aMontecillo, Méx. :
_bEl autor,
_c2003.
300 _a104 h.
502 _aTesis (Dr. en Ciencias) -- CP. Instituto de Recursos Genéticos y Productividad. Programa de Ganadería
590 _aALEPH
_b10
_c20130110
_lUCH01
_h1459
590 _aBATCH-UPD
_b10
_c20130110
_lUCH01
_h0703
590 _aBATCH-UPD
_b10
_c20130410
_lUCH01
_h0348
590 _aBATCH-UPD
_b10
_c20130914
_lUCH01
_h0451
590 _aCONVERSION
_b10
_c20130109
_lUCH01
_h1349
650 1 4 _aAnimales
_xElementos minerales.
_95861
650 1 4 _aAves de corral
_xAlimentación.
_98638
650 1 4 _aAves de corral
_xEnfermedades.
_98646
650 1 4 _aHidropsia.
_955281
650 1 4 _aPollos
_xAlimentación.
_990268
901 _aBK
905 _aAlejandra Carrasco M.
942 _cTESIS
949 _aTesis
_bBC
_cTES
_d1001301
_eTS1
_h42260
_i100130
_sb
999 _c88607
_d88607